000 00478nam a2200181Ia 4500
005 20250326125803.0
008 250326s9999 xx 000 0 und d
037 _aTextbook
040 _aFMSL
_beng
_cFMSL
041 _aeng
_2eng
084 _aB28 N6
_qFMSL
100 _aRay M
_9230143
245 0 _aMathematical statistics
_cRay M; Sharma H S
260 _aAgra
_bAgra, Ram Prasad
_c1966
300 _a471p
942 _cTB
_hB28 N6
999 _c1279569
_d1279569